Statistics for Dr Jekyll & Mr Hyde chapter names quiz

Click here to take the quiz!

General Stats

  • This quiz has been taken 33 times
  • The average score is 4 of 10

Answer Stats

HintAnswer% Correct
1.The Story of the Door
88%
4.The Carew Murder Case
50%
7.Incident at the Window
46%
3.Dr Jekyll was Quite at Ease
42%
2.The Search for Mr Hyde
42%
5.Incident of the Letter
38%
9.Dr Lanyon’s Narrative
33%
10.Henry Jekyll’s Full Statement of the Case
29%
8.The Last Night
25%
6.Remarkable Incident of Doctor Lanyon
13%

Score Distribution

Percentile by Number Answered

Percent of People with Each Score

Your Score History

You have not taken this quiz